Datum a čas kvízu
22
Celkem bodů
Celkový počet nahraných bodů na tomto kvízu bez doplňovacích otázek.
11.
Pořadí na kvízu
Konečné umístění týmu na tomto kvízu.
Zaznamenané odpovědi
| # | Otázka | Odpověď | Body | Výsledky |
|---|---|---|---|---|
| 1. | Rada České televize minulý týd... | Sama doma | 1 | |
| 2. | Minulý týden se stalo virálním... | v záchodové míse | 0 | |
| 3. | Jak se jmenuje město na Svitav... | Moravská Třebová | 0 | |
| 4. | Minulý týden se Česko po 60 le... | Transalpský ropovod (Transalpine Pipeline, TAL) | 1 | |
| 5. | V těchto dnech začíná play-off... | Dallas Stars | 0 | |
| 6. | Togo a Tonga sice mají podobné... | A | 0 | |
| 7. | Dříve v Prusku, nyní v Rusku.... | Kaliningrad | 0 | |
| 8. | Který z těchto států má největ... | A | 1 | |
| 9. | Kterými úředními jazyky se mlu... | angličtinou; španělštinou | 0.5 | |
| 10. | Ke kvízu patří i pivo, které s... | Turnov; Trutnov | 0.5 |